Normal view
MARC view
Entry Personal Name
001 - CONTROL NUMBER
- control field: 1136484
003 - CONTROL NUMBER IDENTIFIER
- control field: OSt
005 - DATE AND TIME OF LATEST TRANSACTION
- control field: 20260320202002.0
008 - FIXED-LENGTH DATA ELEMENTS
- fixed length control field: 260320|| aca||aabn | a|a d
040 ## - CATALOGING SOURCE
- Original cataloging agency: OSt
- Transcribing agency: OSt
100 ## - HEADING--PERSONAL NAME
- Personal name: Wielenga
670 ## - SOURCE DATA FOUND
- Source citation: Work cat.: (OSt)1724659: Wielenga, Transitioning to Java: Kickstart your polyglot programming journey by getting a clear understanding of Java
